| 000 | 00807cam a2200241 a 4500 | ||
|---|---|---|---|
| 020 | _a0080272193 | ||
| 082 | 0 | 0 |
_a355.4 _bSTR _cD |
| 100 |
_aDonald C. Daniel _948796 |
||
| 245 | 0 | 0 |
_aStrategic military deception / _cedited by Donald C. Daniel, Katherine L. Herbig. |
| 260 |
_aNew York : _bPergamon Press, _cc1982. |
||
| 300 |
_axiii, 378 p. : _bill. ; _c24 cm. |
||
| 526 |
_a0 _b0 _c0 _d355_400000000000000_STR |
||
| 526 |
_a0 _b0 _c0 _d355_400000000000000_STR |
||
| 526 |
_a0 _b0 _c0 _d355_400000000000000_STR |
||
| 526 |
_a0 _b0 _c0 _d355_400000000000000_STR |
||
| 526 |
_a0 _b0 _c0 _d355_400000000000000_STR |
||
| 650 | 0 |
_aDeception (Military science) _948797 |
|
| 650 | 0 |
_aMCE _9379 |
|
| 650 | 0 | _aStrategy. | |
| 700 | 1 |
_aDaniel, Donald C. _948798 |
|
| 700 | 1 |
_aHerbig, Katherine L. _948799 |
|
| 942 |
_2ddc _cBK |
||
| 999 |
_c551652 _d551652 |
||